[Event "Thüringenliga 2024/25"]
[Site "?"]
[Date "2025.01.19"]
[Round "5.8"]
[White "Richter, Jan"]
[Black "Silberschlag, Jörg"]
[Result "1/2-1/2"]
[WhiteElo "1882"]
[BlackElo "2017"]
[PlyCount "69"]
[EventDate "2024.09.15"]
[EventType "team-tourn"]
[EventRounds "9"]
[WhiteTeam "fuß brothers Jena"]
[BlackTeam "SC Suhl"]

1. Nf3 c5 2. g3 b6 3. Bg2 Bb7 4. O-O g6 5. c4 Bg7 6. d4 cxd4 7. Nxd4 Bxg2 8. Kxg2 Qc8 9. Qd3 Na6 10. Be3 Nf6 11. Nd2 Nc5 12. Qa3 Ng4 13. N2f3 Ne6 14. Nxe6 Nxe3+ 15. Qxe3 fxe6 16. Qb3 Qc6 17. Rac1 e5 18. Qe3 d6 19. Kg1 O-O 20. b4 Qa4 21. Qb3 Qxb3 22. axb3 a5 23. bxa5 Rxa5 24. Ng5 Bh6 25. h4 Bxg5 26. hxg5 e4 27. Ra1 Rxg5 28. Ra7 e3 29. Kg2 Rxf2+ 30. Rxf2 exf2 31. Kxf2 b5 32. Rxe7 bxc4 33. bxc4 Rc5 34. Re6 Rxc4 35. Rxd6 1/2-1/2

[Event "Thüringenliga 2024/25"]
[Site "?"]
[Date "2025.01.19"]
[Round "5.1"]
[White "Kölsch, Maximilian"]
[Black "Aniol, Adrian"]
[Result "1-0"]
[WhiteElo "2140"]
[BlackElo "1960"]
[PlyCount "89"]
[EventDate "2024.09.15"]
[EventType "team-tourn"]
[EventRounds "9"]
[WhiteTeam "SV Schott Jena"]
[BlackTeam "VfL 1990 Gera"]

1. d4 d5 2. c4 c6 3. Nc3 Nf6 4. Bf4 g6 5. e3 Bg7 6. cxd5 Nxd5 7. Nxd5 Qxd5 8. Ne2 O-O 9. Nc3 Qa5 10. Bc4 Nd7 11. O-O b5 12. Bb3 Bb7 13. Rc1 c5 14. Bd5 Bxd5 15. Nxd5 cxd4 16. Nxe7+ Kh8 17. Qb3 Qd8 18. Nc6 Qb6 19. exd4 Bxd4 20. Nxd4 Qxd4 21. Be3 Qa4 22. Qd5 Nb6 23. Bd4+ f6 24. Qd6 Qxa2 25. Rc7 Rf7 26. Bxf6+ Kg8 27. Rd1 Rxc7 28. Qxc7 Qf7 29. Rd8+ Rxd8 30. Qxd8+ Qf8 31. Qd4 Qf7 32. h3 Nd7 33. Bg5 Nf8 34. Bd2 Qd7 35. Qe3 Ne6 36. Bc3 Qd1+ 37. Kh2 Qd6+ 38. g3 Qd7 39. Qe5 Ng7 40. Qe4 Nf5 41. Qa8+ Kf7 42. Qh8 Ke6 43. Qe5+ Kf7 44. Qf6+ Ke8 45. Qh8+ 1-0

[Event "Thüringenliga 2024/25"]
[Site "?"]
[Date "2025.01.19"]
[Round "5.2"]
[White "Seidens, Gunter"]
[Black "Junge, Mattheo Gabriel"]
[Result "1-0"]
[WhiteElo "1929"]
[BlackElo "1874"]
[PlyCount "131"]
[EventDate "2024.09.15"]
[EventType "team-tourn"]
[EventRounds "9"]
[WhiteTeam "VfL 1990 Gera"]
[BlackTeam "SV Schott Jena"]

1. d4 Nf6 2. Nf3 g6 3. c4 Bg7 4. Nc3 O-O 5. g3 d6 6. Bg2 Nbd7 7. O-O c5 8. d5 Ng4 9. e4 Nge5 10. Nxe5 Nxe5 11. Qe2 Bd7 12. h3 b5 13. cxb5 c4 14. Be3 Nd3 15. a4 Qa5 16. Ra3 Qb4 17. Bc1 Bxc3 18. Rxc3 Qxa4 19. Bh6 Rfc8 20. b3 Qb4 21. Rxc4 Qxb3 22. Rxc8+ Rxc8 23. Qe3 Bxb5 24. Qxa7 Re8 25. Ra1 Qb2 26. Be3 Nc5 27. Rc1 Bd3 28. e5 Qxe5 29. Bxc5 dxc5 30. Qxc5 Qe2 31. Qc3 Bf5 32. Re1 Qb5 33. h4 h5 34. Re5 Qd7 35. Qc5 Bd3 36. Kh2 Bf5 37. Bf1 Rd8 38. Rxe7 Qxd5 39. Qxd5 Rxd5 40. Bc4 Rd7 41. Bxf7+ Kg7 42. Rxd7 Bxd7 43. Bb3 Bf5 44. Kg2 Kf6 45. Kf3 Bb1 46. Kf4 Bd3 47. Bd1 Bf5 48. Bf3 Bc2 49. Be4 Bd1 50. Bd3 Bg4 51. f3 Be6 52. g4 hxg4 53. fxg4 Bxg4 54. Kxg4 Kg7 55. Kg5 Kg8 56. Kh6 Kh8 57. Kg5 Kg7 58. Bc2 Kg8 59. Kf6 Kh7 60. h5 Kg8 61. hxg6 Kh8 62. Bb1 Kg8 63. Ba2+ Kh8 64. g7+ Kh7 65. g8=Q+ Kh6 66. Qh8# 1-0

[Event "Thüringenliga 2024/25"]
[Site "?"]
[Date "2025.01.19"]
[Round "5.3"]
[White "August, Daniel"]
[Black "Huster, Mike"]
[Result "1/2-1/2"]
[WhiteElo "2032"]
[BlackElo "1932"]
[PlyCount "32"]
[EventDate "2024.09.15"]
[EventType "team-tourn"]
[EventRounds "9"]
[WhiteTeam "SV Schott Jena"]
[BlackTeam "VfL 1990 Gera"]

1. c4 Nf6 2. g3 g6 3. Bg2 Bg7 4. Nc3 d6 5. d3 O-O 6. Rb1 a5 7. e4 e5 8. Nge2 Na6 9. O-O c6 10. d4 Qe7 11. h3 Re8 12. d5 cxd5 13. Nxd5 Nxd5 14. Qxd5 Nb4 15. Qd1 Nxa2 16. Bd2 Nb4 1/2-1/2

[Event "Thüringenliga 2024/25"]
[Site "?"]
[Date "2025.01.19"]
[Round "5.4"]
[White "Aniol, Nico"]
[Black "Abou Wally, Adrian"]
[Result "1/2-1/2"]
[WhiteElo "1983"]
[BlackElo "1983"]
[PlyCount "63"]
[EventDate "2024.09.15"]
[EventType "team-tourn"]
[EventRounds "9"]
[WhiteTeam "VfL 1990 Gera"]
[BlackTeam "SV Schott Jena"]

1. c4 c5 2. Nc3 Nc6 3. g3 g6 4. Bg2 Bg7 5. Nf3 d6 6. O-O Nf6 7. d3 O-O 8. e4 e5 9. h3 Nh5 10. Be3 Be6 11. Kh2 h6 12. Qe2 Nd4 13. Bxd4 exd4 14. Nd5 Bxd5 15. exd5 Re8 16. Qd2 Nf6 17. b4 b6 18. a4 Qc7 19. Rfe1 Kh7 20. Rxe8 Rxe8 21. b5 a5 22. bxa6 Qa7 23. Qb2 Qxa6 24. Qb5 Ra8 25. Qc6 Bf8 26. Nd2 Rc8 27. Qb5 Ra8 28. Qc6 Rc8 29. Qb5 Ra8 30. Nb3 Qxb5 31. axb5 Rxa1 32. Nxa1 1/2-1/2

[Event "Thüringenliga 2024/25"]
[Site "?"]
[Date "2025.01.19"]
[Round "5.5"]
[White "Babrikowski, Peter"]
[Black "Schönfeld, Volker"]
[Result "1-0"]
[WhiteElo "2026"]
[BlackElo "1827"]
[PlyCount "97"]
[EventDate "2024.09.15"]
[EventType "team-tourn"]
[EventRounds "9"]
[WhiteTeam "SV Schott Jena"]
[BlackTeam "VfL 1990 Gera"]

1. d4 Nf6 2. Bg5 e6 3. Nf3 Be7 4. Nbd2 d5 5. e3 O-O 6. Bd3 c5 7. c3 Nc6 8. Qc2 cxd4 9. exd4 h6 10. Bh4 a6 11. a4 b6 12. O-O Bb7 13. Ne5 Nxe5 14. dxe5 Nd7 15. Bxe7 Qxe7 16. Nf3 Rfc8 17. Qe2 Nc5 18. Bc2 a5 19. Rfe1 Ba6 20. Qe3 Qc7 21. Nd4 Rab8 22. Rac1 Qd7 23. Ra1 Qc7 24. Ra3 Nd7 25. h3 Qc5 26. Qd2 Ra8 27. Re3 b5 28. b4 axb4 29. cxb4 Qb6 30. Qd3 Rxc2 31. Qxc2 Qxd4 32. Qc6 Rc8 33. Qxd7 Rc1+ 34. Kh2 Qf4+ 35. Rg3 Qxf2 36. Qe8+ Kh7 37. Rxg7+ Kxg7 38. Rg3+ Qxg3+ 39. Kxg3 Rc3+ 40. Kh2 bxa4 41. Qxa4 Bc4 42. Qa7 Rb3 43. Qe7 Kg8 44. h4 Bd3 45. Qd8+ Kg7 46. Qf6+ Kg8 47. Qxh6 Rxb4 48. Qg5+ Kf8 49. h5 1-0

[Event "Thüringenliga 2024/25"]
[Site "?"]
[Date "2025.01.19"]
[Round "5.6"]
[White "Pekrul, Jürgen"]
[Black "Jung, Florian"]
[Result "1/2-1/2"]
[WhiteElo "1821"]
[BlackElo "1960"]
[PlyCount "41"]
[EventDate "2024.09.15"]
[EventType "team-tourn"]
[EventRounds "9"]
[WhiteTeam "VfL 1990 Gera"]
[BlackTeam "SV Schott Jena"]

1. Nf3 c5 2. c4 Nc6 3. Nc3 e6 4. d4 cxd4 5. Nxd4 a6 6. g3 Nf6 7. Bg2 Bc5 8. Nxc6 bxc6 9. O-O O-O 10. e4 e5 11. Qe2 d6 12. h3 Be6 13. b3 Qc7 14. Bg5 Nd7 15. Rfd1 Bd4 16. Rac1 Rae8 17. Be3 c5 18. Kh2 Nb8 19. Nd5 Qa5 20. Bxd4 cxd4 21. b4 1/2-1/2

[Event "Thüringenliga 2024/25"]
[Site "?"]
[Date "2025.01.19"]
[Round "5.7"]
[White "Brömel, Richard"]
[Black "Drechsel, Uwe"]
[Result "1/2-1/2"]
[WhiteElo "2001"]
[BlackElo "1843"]
[PlyCount "71"]
[EventDate "2024.09.15"]
[EventType "team-tourn"]
[EventRounds "9"]
[WhiteTeam "SV Schott Jena"]
[BlackTeam "VfL 1990 Gera"]

1. d4 e6 2. Bf4 d5 3. e3 Nf6 4. Bd3 Bd6 5. Bg3 c5 6. c3 Nc6 7. Nf3 a6 8. Nbd2 Ne7 9. Ne5 Ng6 10. Qe2 Bxe5 11. Bxe5 c4 12. Bc2 b5 13. Bxf6 gxf6 14. a4 Qa5 15. Qf3 Ke7 16. O-O b4 17. Rfc1 bxc3 18. bxc3 Rb8 19. e4 Bb7 20. exd5 Bxd5 21. Be4 Rb2 22. Nf1 Rg8 23. Ne3 Bxe4 24. Qxe4 Qg5 25. Rcb1 Rgb8 26. Rxb2 Rxb2 27. Nxc4 Rb3 28. Ne3 Rxc3 29. Qb7+ Ke8 30. Qb8+ Kd7 31. Rb1 Qa5 32. Ng4 Qc7 33. Nxf6+ Ke7 34. Ng8+ Kd7 35. Nf6+ Ke7 36. Ng8+ 1/2-1/2

[Event "Thüringenliga 2024/25"]
[Site "?"]
[Date "2025.01.19"]
[Round "5.8"]
[White "Fijalkowski, Jürgen"]
[Black "Bönisch, Julian"]
[Result "0-1"]
[WhiteElo "1782"]
[BlackElo "1843"]
[PlyCount "36"]
[EventDate "2024.09.15"]
[EventType "team-tourn"]
[EventRounds "9"]
[WhiteTeam "VfL 1990 Gera"]
[BlackTeam "SV Schott Jena"]

1. e4 e6 2. d4 d5 3. exd5 exd5 4. Bd3 Nf6 5. Bg5 Bd6 6. Ne2 O-O 7. c3 Bg4 8. Qc2 h6 9. Bh4 Re8 10. f3 Be6 11. Nd2 c5 12. dxc5 Bxc5 13. O-O-O Nc6 14. Kb1 Rc8 15. g4 g5 16. Bg3 d4 17. Nb3 Nb4 18. Qc1 Nxa2 0-1

[Event "Thüringenliga 2024/25"]
[Site "?"]
[Date "2025.01.12"]
[Round "5.1"]
[White "Bock, Marlon"]
[Black "Hoffmann, Tim"]
[Result "1/2-1/2"]
[WhiteElo "2068"]
[BlackElo "2139"]
[PlyCount "99"]
[EventDate "2024.09.15"]
[EventType "team-tourn"]
[EventRounds "9"]
[WhiteTeam "SSV Vimaria 91 Weimar"]
[BlackTeam "ESV Gera"]

1. d4 Nf6 2. c4 e6 3. Nc3 Bb4 4. e3 O-O 5. Bd3 d5 6. a3 Bxc3+ 7. bxc3 dxc4 8. Bxc4 c5 9. Nf3 Qc7 10. Be2 b6 11. Ne5 Bb7 12. O-O Nbd7 13. f4 Ne4 14. Bb2 f6 15. Nf3 Rac8 16. Rc1 c4 17. Qc2 Bd5 18. Nh4 g6 19. a4 Qc6 20. Ra1 Kg7 21. a5 b5 22. Ba3 Rfe8 23. Bb4 h6 24. Nf3 a6 25. Rad1 Rh8 26. Ne1 h5 27. h4 Ng3 28. Bf3 Nxf1 29. Kxf1 f5 30. Bxd5 Qxd5 31. Nf3 Nf6 32. Ng5 Rhe8 33. Re1 Rcd8 34. Kg1 Rd7 35. Re2 Ne4 36. Nf3 Qa8 37. Re1 Rd5 38. Qe2 Qd8 39. Qf1 Rd7 40. Rc1 Nf6 41. Qe2 Qa8 42. Ng5 Nh7 43. Nf3 Nf6 44. Ng5 Qc6 45. Re1 Rdd8 46. Qc2 Qd5 47. Qe2 Nh7 48. Nf3 Qe4 49. Rd1 Nf6 50. Ng5 1/2-1/2

[Event "Thüringenliga 2024/25"]
[Site "?"]
[Date "2025.01.12"]
[Round "5.2"]
[White "Liebold, Aaron"]
[Black "Philipp, Mathias"]
[Result "0-1"]
[WhiteElo "2125"]
[BlackElo "2208"]
[PlyCount "88"]
[EventDate "2024.09.15"]
[EventType "team-tourn"]
[EventRounds "9"]
[WhiteTeam "ESV Gera"]
[BlackTeam "SSV Vimaria 91 Weimar"]

1. e4 c5 2. Nf3 e6 3. d4 cxd4 4. Nxd4 a6 5. Bd3 Bc5 6. Nb3 Ba7 7. Nc3 Ne7 8. Qe2 O-O 9. Bg5 h6 10. Be3 b5 11. O-O Nbc6 12. Rad1 Ne5 13. Kh1 Qc7 14. f4 Nxd3 15. Qxd3 Bxe3 16. Qxe3 d6 17. Rd2 Rd8 18. Rdf2 b4 19. Ne2 Bb7 20. f5 exf5 21. exf5 Nd5 22. Qh3 Nf6 23. Nf4 Re8 24. Nd2 Qxc2 25. Nh5 Nxh5 26. Qxh5 Qc5 27. Qg4 f6 28. Rf4 a5 29. Rc4 Qb6 30. Rfc1 Re7 31. Nf3 Rae8 32. Rg1 Re4 33. Qg6 Kf8 34. Rc2 Re2 35. Rxe2 Rxe2 36. Qg3 Be4 37. Nh4 Rxb2 38. Ng6+ Kf7 39. Nh8+ Kg8 40. Ng6 Qf2 41. Qg4 Re2 42. h3 h5 43. Ne7+ Kf8 44. Qg6 Bxg2+ 0-1

[Event "Thüringenliga 2024/25"]
[Site "?"]
[Date "2025.01.12"]
[Round "5.3"]
[White "Aepfler, Christian"]
[Black "Helmsdorf, Marius"]
[Result "1-0"]
[WhiteElo "2072"]
[BlackElo "1994"]
[PlyCount "74"]
[EventDate "2024.09.15"]
[EventType "team-tourn"]
[EventRounds "9"]
[WhiteTeam "SSV Vimaria 91 Weimar"]
[BlackTeam "ESV Gera"]

1. e4 e6 2. d4 d5 3. exd5 exd5 4. Nf3 Bd6 5. Bd3 Bg4 6. h3 Bh5 7. O-O Nc6 8. c3 Qd7 9. b4 O-O-O 10. Nbd2 Kb8 11. Nb3 Re8 12. Nc5 Qc8 13. a4 f6 14. a5 Nge7 15. b5 Nd8 16. Bd2 Ng6 17. Bxg6 hxg6 18. b6 g5 19. a6 cxb6 20. axb7 Nxb7 21. Qa4 Na5 22. Rfb1 Nc6 23. Na6+ Kb7 24. Nc5+ Bxc5 25. dxc5 Bxf3 26. Qa6+ Kb8 27. Qxc8+ Kxc8 28. cxb6 Be4 29. bxa7 Nxa7 30. Rb6 Re7 31. Be3 Rhe8 32. Ra5 Rc7 33. Rba6 Nc6 34. Rc5 Kd7 35. f3 d4 36. Bf2 Kd6 37. cxd4 Bd3 1-0

[Event "Thüringenliga 2024/25"]
[Site "?"]
[Date "2025.01.12"]
[Round "5.4"]
[White "Puschendorf, Steffen"]
[Black "Philipp, Michael"]
[Result "0-1"]
[WhiteElo "1970"]
[BlackElo "2033"]
[PlyCount "110"]
[EventDate "2024.09.15"]
[EventType "team-tourn"]
[EventRounds "9"]
[WhiteTeam "ESV Gera"]
[BlackTeam "SSV Vimaria 91 Weimar"]

1. d4 f5 2. c4 Nf6 3. Nc3 g6 4. Nf3 Bg7 5. Bf4 O-O 6. e3 d6 7. c5 c6 8. cxd6 exd6 9. Qb3+ d5 10. Be2 Nbd7 11. h4 Qe7 12. Ne5 Ne4 13. Nd3 Re8 14. O-O-O a5 15. Rde1 Nxc3 16. Qxc3 Nf6 17. f3 Bd7 18. Kb1 Nh5 19. Ne5 Nxf4 20. exf4 Bxe5 21. fxe5 c5 22. Bd1 c4 23. f4 b5 24. h5 g5 25. fxg5 Qxg5 26. Qf3 Be6 27. h6 Rf8 28. Rh5 Qg6 29. Qf4 Kf7 30. Rh3 Ke7 31. Rg3 Qe8 32. Rg7+ Kd8 33. Qg5+ Kc8 34. Rxh7 Qc6 35. Rg7 c3 36. Qe7 Re8 37. Qc5 Qxc5 38. dxc5 Rh8 39. Rg6 Kd7 40. bxc3 Rag8 41. Rxg8 Bxg8 42. Rh1 Ke6 43. Be2 b4 44. cxb4 axb4 45. g4 fxg4 46. Bxg4+ Kxe5 47. Kb2 d4 48. Rh5+ Kf4 49. Bd7 Bc4 50. c6 Ba6 51. h7 d3 52. Rh2 Ke3 53. Kc1 Rxh7 54. Bh3 Bc8 55. Bxc8 Rxh2 0-1

[Event "Thüringenliga 2024/25"]
[Site "?"]
[Date "2025.01.12"]
[Round "5.5"]
[White "Riedel, Finn"]
[Black "Hanmuradov, Ülwi"]
[Result "1-0"]
[WhiteElo "1994"]
[BlackElo "1681"]
[PlyCount "59"]
[EventDate "2024.09.15"]
[EventType "team-tourn"]
[EventRounds "9"]
[WhiteTeam "SSV Vimaria 91 Weimar"]
[BlackTeam "ESV Gera"]

1. e4 c5 2. Nf3 Nc6 3. d4 cxd4 4. Nxd4 Nf6 5. Nc3 d6 6. Bc4 e6 7. Bb3 Be7 8. f4 Bd7 9. Be3 a6 10. Qf3 Qc7 11. f5 e5 12. Nde2 h5 13. Rd1 Na5 14. h3 h4 15. O-O b5 16. Nd5 Nxd5 17. Bxd5 Rc8 18. Rd2 Nc4 19. Bxc4 Qxc4 20. Nc3 Bc6 21. Qg4 Bf6 22. Rxd6 b4 23. Nd5 Bxd5 24. Rxd5 Qxa2 25. Bg5 Qc4 26. Rfd1 Qc7 27. Bxf6 Qb6+ 28. Kh1 Qxf6 29. Rd6 Qe7 30. f6 1-0

[Event "Thüringenliga 2024/25"]
[Site "?"]
[Date "2025.01.12"]
[Round "5.6"]
[White "Schulter, Moritz"]
[Black "Homberger, Jan"]
[Result "0-1"]
[WhiteElo "1578"]
[BlackElo "1908"]
[PlyCount "76"]
[EventDate "2024.09.15"]
[EventType "team-tourn"]
[EventRounds "9"]
[WhiteTeam "ESV Gera"]
[BlackTeam "SSV Vimaria 91 Weimar"]

1. c4 Nf6 2. g3 g6 3. Bg2 Bg7 4. Nf3 O-O 5. O-O d6 6. d4 c6 7. Nc3 Qc7 8. Bd2 a6 9. Rc1 c5 10. dxc5 Qxc5 11. Na4 Qc7 12. c5 Nc6 13. Bf4 Ne8 14. Nb6 Rb8 15. Qd2 e5 16. Be3 Be6 17. Ng5 Bxa2 18. Ne4 Rd8 19. b4 Be6 20. cxd6 Nxd6 21. Qb2 Nxe4 22. Bxe4 f5 23. Bxc6 bxc6 24. Bc5 Rfe8 25. Qa3 e4 26. Qxa6 Rd2 27. Nc4 Rd7 28. Na5 Bd5 29. Bb6 Qd6 30. Bc5 Qf6 31. Rfd1 Qe6 32. Nb7 f4 33. Nd6 Red8 34. Nb7 Rb8 35. Na5 f3 36. e3 Rb5 37. Qc8+ Kf7 38. Nxc6 Bxc6 0-1

[Event "Thüringenliga 2024/25"]
[Site "?"]
[Date "2025.02.16"]
[Round "5.1"]
[White "Zehnter, Sebastian"]
[Black "Franke, Luca"]
[Result "1-0"]
[WhiteElo "2280"]
[BlackElo "2035"]
[PlyCount "131"]
[EventDate "2024.09.15"]
[EventType "team-tourn"]
[EventRounds "9"]
[WhiteTeam "Ilmenauer SV"]
[BlackTeam "SV 1861 Liebschwitz"]

1. d4 Nf6 2. Nf3 g6 3. c4 Bg7 4. e3 O-O 5. Be2 d6 6. Nc3 c5 7. d5 e6 8. O-O exd5 9. cxd5 Re8 10. Nd2 Nbd7 11. a4 b6 12. Re1 a6 13. Ra3 Rb8 14. Rb3 h5 15. Bf1 Ne5 16. e4 Bh6 17. Nc4 Nfg4 18. Nxe5 Rxe5 19. h3 Bxc1 20. Qxc1 Nf6 21. f4 Re8 22. Qd1 Nd7 23. Nb1 Qf6 24. Qd2 Bb7 25. Rd3 b5 26. axb5 axb5 27. Kh2 b4 28. Rf3 Qd4 29. Rd3 Qf6 30. Rf3 Qg7 31. Qc1 Ra8 32. Bb5 Re7 33. Bxd7 Rxd7 34. Nd2 Ra2 35. b3 Qd4 36. Nc4 Ra7 37. f5 Qg7 38. fxg6 fxg6 39. Ref1 Ba6 40. Rf6 Bxc4 41. Qxc4 Re7 42. e5 Rxe5 43. Rxd6 Rg5 44. Qf4 Qc7 45. Kh1 Kh7 46. Qf8 Qg7 47. Rd8 Qxf8 48. Rfxf8 Re5 49. Kh2 Kg7 50. Rg8+ Kf7 51. Rdf8+ Ke7 52. Re8+ Kf7 53. Rxe5 Kxg8 54. d6 Rd7 55. Rxc5 Rxd6 56. Rc4 Rb6 57. Rc7 Rd6 58. Rc4 Kf7 59. Rxb4 Rd3 60. Rb6 g5 61. Kg1 g4 62. hxg4 hxg4 63. Kf2 Rc3 64. b4 Rb3 65. b5 Kg7 66. Rb8 1-0

[Event "Thüringenliga 2024/25"]
[Site "?"]
[Date "2025.02.16"]
[Round "5.2"]
[White "Hermannsdörfer, Frank"]
[Black "Ziganshin, Ainur"]
[Result "0-1"]
[WhiteElo "2091"]
[BlackElo "2244"]
[PlyCount "80"]
[EventDate "2024.09.15"]
[EventType "team-tourn"]
[EventRounds "9"]
[WhiteTeam "SV 1861 Liebschwitz"]
[BlackTeam "Ilmenauer SV"]

1. b3 d5 2. Bb2 Nf6 3. e3 e6 4. Nf3 Be7 5. c4 O-O 6. Be2 b6 7. O-O Bb7 8. Qc2 Nbd7 9. d3 c5 10. Nbd2 Qc7 11. Rac1 Rfe8 12. Rfd1 e5 13. cxd5 Nxd5 14. a3 Rad8 15. Qb1 Qb8 16. Qa1 Bd6 17. Ne4 Bf8 18. Ng3 g6 19. Bf1 Bg7 20. Qb1 a5 21. Nd2 Qa8 22. Nc4 Bc6 23. a4 h5 24. Ne2 Qb8 25. Nc3 N7f6 26. Ne4 h4 27. Nxf6+ Nxf6 28. Qa1 Nd5 29. e4 Nb4 30. f4 f6 31. fxe5 fxe5 32. Bc3 Bd7 33. Qb2 Nc6 34. Qd2 Rf8 35. Qg5 Rf4 36. Qxg6 Rdf8 37. Qd6 Qxd6 38. Nxd6 Bh6 39. Re1 R4f6 40. Rb1 Rxd6 0-1

[Event "Thüringenliga 2024/25"]
[Site "?"]
[Date "2025.02.16"]
[Round "5.3"]
[White "Geißhirt, Marco"]
[Black "Kitzig, Tobias"]
[Result "1/2-1/2"]
[WhiteElo "1984"]
[BlackElo "1868"]
[PlyCount "21"]
[EventDate "2024.09.15"]
[EventType "team-tourn"]
[EventRounds "9"]
[WhiteTeam "Ilmenauer SV"]
[BlackTeam "SV 1861 Liebschwitz"]

1. d4 Nf6 2. Bf4 d5 3. c4 c6 4. e3 Bf5 5. Nc3 e6 6. Nf3 Bd6 7. Bg5 h6 8. Bh4 Nbd7 9. c5 Bc7 10. h3 g5 11. g4 1/2-1/2

[Event "Thüringenliga 2024/25"]
[Site "?"]
[Date "2025.02.16"]
[Round "5.4"]
[White "Zeidler, Andreas"]
[Black "Eichenauer, Pascal"]
[Result "1/2-1/2"]
[WhiteElo "1996"]
[BlackElo "2031"]
[PlyCount "222"]
[EventDate "2024.09.15"]
[EventType "team-tourn"]
[EventRounds "9"]
[WhiteTeam "SV 1861 Liebschwitz"]
[BlackTeam "Ilmenauer SV"]

1. d4 d5 2. c4 c6 3. e3 Bf5 4. Nc3 e6 5. Nf3 Nf6 6. Bd3 Bxd3 7. Qxd3 Bb4 8. O-O Bxc3 9. bxc3 O-O 10. a4 Qa5 11. cxd5 cxd5 12. c4 Qa6 13. Ne5 Nfd7 14. cxd5 Nxe5 15. Qxa6 Nf3+ 16. gxf3 Nxa6 17. d6 Nb4 18. Rb1 a5 19. e4 Rfc8 20. Be3 Rc6 21. e5 Kf8 22. Rfc1 Rac8 23. Rxc6 Rxc6 24. f4 Ke8 25. Kg2 b6 26. Kf3 Nd5 27. h4 h5 28. Rc1 Rxc1 29. Bxc1 Nc3 30. Bd2 Nxa4 31. Ke3 Nb2 32. Bc1 Nc4+ 33. Kd3 b5 34. Kc3 g6 35. Kc2 Kd7 36. Bd2 b4 37. Be1 Kc6 38. Bd2 Nb6 39. Kb3 Kb5 40. Be3 a4+ 41. Kc2 Nd7 42. Bd2 Kc4 43. Kb2 b3 44. Be3 Kd3 45. Bc1 Kxd4 46. Ka3 Kd5 47. Kxa4 f6 48. Bb2 fxe5 49. fxe5 Ke4 50. Kxb3 Kf5 51. Kc4 g5 52. hxg5 Kxg5 53. Bc1+ Kf5 54. f4 Ke4 55. Kb5 h4 56. Kc6 Nf8 57. f5 Kxf5 58. Bh6 h3 59. Bxf8 h2 60. d7 h1=Q+ 61. Kd6 Qd5+ 62. Ke7 Qb7 63. Bg7 Kg6 64. Bf6 Kh7 65. Kxe6 Qc6+ 66. Ke7 Qc5+ 67. Kf7 Qd5+ 68. e6 Qh5+ 69. Kf8 Qc5+ 70. Ke8 Qc6 71. Kf7 Qb7 72. Be7 Qf3+ 73. Bf6 Qh5+ 74. Ke7 Qc5+ 75. Ke8 Qc6 76. Kf7 Qb7 77. Kf8 Qb4+ 78. e7 Qd6 79. d8=Q Qxf6+ 80. Ke8 Qc6+ 81. Qd7 Qa8+ 82. Kf7 Qf3+ 83. Ke6 Qg4+ 84. Kd6 Qb4+ 85. Kc7 Qa5+ 86. Kb7 Qb4+ 87. Kc8 Qc5+ 88. Qc7 Qf5+ 89. Kd8 Qd5+ 90. Kc8 Qe6+ 91. Kb7 Qe4+ 92. Kb8 Qb4+ 93. Kc8 Qg4+ 94. Qd7 Qc4+ 95. Kd8 Qh4 96. Qd5 Kg7 97. Qe5+ Kf7 98. Qf5+ Kg7 99. Qf8+ Kg6 100. Qg8+ Kf5 101. Qf7+ Ke5 102. Qg7+ Ke6 103. Qg6+ Ke5 104. Ke8 Qf4 105. Qf7 Qh6 106. Qf3 Qg6+ 107. Qf7 Qh6 108. Qf3 Qg6+ 109. Kf8 Qh6+ 110. Kf7 Qe6+ 111. Kf8 Qh6+ 1/2-1/2

[Event "Thüringenliga 2024/25"]
[Site "?"]
[Date "2025.02.16"]
[Round "5.5"]
[White "Rauch, Arwid"]
[Black "Biel, Maik"]
[Result "1/2-1/2"]
[WhiteElo "1732"]
[BlackElo "1959"]
[PlyCount "36"]
[EventDate "2024.09.15"]
[EventType "team-tourn"]
[EventRounds "9"]
[WhiteTeam "Ilmenauer SV"]
[BlackTeam "SV 1861 Liebschwitz"]

1. e4 c5 2. Nf3 d6 3. Bb5+ Bd7 4. Bxd7+ Qxd7 5. Nc3 Nc6 6. O-O e6 7. d3 Nf6 8. h3 Be7 9. Bf4 a6 10. a4 Rc8 11. Re1 O-O 12. a5 Qd8 13. e5 dxe5 14. Nxe5 Nxa5 15. Ne4 Nxe4 16. dxe4 Nc6 17. Nd7 Re8 18. c3 e5 1/2-1/2

[Event "Thüringenliga 2024/25"]
[Site "?"]
[Date "2025.02.16"]
[Round "5.7"]
[White "Schenk, Stefan"]
[Black "Meissner, Steffen"]
[Result "1-0"]
[WhiteElo "1890"]
[BlackElo "1784"]
[PlyCount "53"]
[EventDate "2024.09.15"]
[EventType "team-tourn"]
[EventRounds "9"]
[WhiteTeam "Ilmenauer SV"]
[BlackTeam "SV 1861 Liebschwitz"]

1. e4 c5 2. c3 d5 3. exd5 Qxd5 4. d4 Nf6 5. Nf3 e6 6. a3 cxd4 7. cxd4 Be7 8. Bd3 O-O 9. Nc3 Qd8 10. O-O b6 11. Qe2 Bb7 12. Rd1 Nbd7 13. Ne5 Nd5 14. Ne4 N7f6 15. Ng5 Nc7 16. Ng4 h6 17. Nxf6+ Bxf6 18. Nh7 Re8 19. Qh5 Bxd4 20. Bxh6 gxh6 21. Qxh6 Bg7 22. Qh5 Qe7 23. Ng5 Red8 24. Bh7+ Kf8 25. Rab1 Rxd1+ 26. Rxd1 Rd8 27. Rxd8+ 1-0

[Event "Thüringenliga 2024/25"]
[Site "?"]
[Date "2025.02.16"]
[Round "5.8"]
[White "Müller, Gunther"]
[Black "Michael, Torsten"]
[Result "1/2-1/2"]
[WhiteElo "1724"]
[BlackElo "1747"]
[PlyCount "29"]
[EventDate "2024.09.15"]
[EventType "team-tourn"]
[EventRounds "9"]
[WhiteTeam "SV 1861 Liebschwitz"]
[BlackTeam "Ilmenauer SV"]

1. c4 g6 2. Nf3 Bg7 3. g3 Nf6 4. Bg2 O-O 5. O-O d5 6. cxd5 Nxd5 7. Nc3 e5 8. Nxd5 Qxd5 9. d3 c6 10. Qc2 Re8 11. Bd2 h6 12. Bc3 Qd8 13. Rad1 Nd7 14. Rfe1 Qc7 15. Nd2 1/2-1/2

[Event "Thüringenliga 2024/25"]
[Site "?"]
[Date "2025.01.19"]
[Round "5.1"]
[White "Carnot, Luca"]
[Black "Vetter, Udo"]
[Result "1-0"]
[WhiteElo "2075"]
[BlackElo "1519"]
[PlyCount "89"]
[EventDate "2024.09.15"]
[EventType "team-tourn"]
[EventRounds "9"]
[WhiteTeam "TSG Apolda"]
[BlackTeam "ESV Lok Sömmerda"]

1. d4 Nf6 2. Nf3 d5 3. c4 e6 4. Nc3 g6 5. Bg5 Bg7 6. e3 c6 7. Bd3 Nbd7 8. Qc2 O-O 9. Rd1 Re8 10. O-O Nb6 11. c5 Nbd7 12. Ne5 Qc7 13. Bf4 Qd8 14. Be2 Nxe5 15. Bxe5 Nd7 16. Bxg7 Kxg7 17. f4 f6 18. e4 f5 19. e5 Nf8 20. b4 h6 21. Rd3 Nh7 22. Rg3 Rg8 23. b5 Bd7 24. Rb1 Kf7 25. Rh3 Kg7 26. bxc6 bxc6 27. Rb7 Qc8 28. Ba6 Qd8 29. Nb5 Nf8 30. Nd6 Rb8 31. Rhb3 Rxb7 32. Rxb7 Qa5 33. Bf1 Qe1 34. Qf2 Qc3 35. Kh1 Kh8 36. Qh4 Rg7 37. Rb8 Qa5 38. Rxf8+ Kh7 39. Qd8 Qxd8 40. Rxd8 Re7 41. Ra8 Kg7 42. Rxa7 Kf8 43. Ra8+ Kg7 44. a4 Kh7 45. a5 1-0

[Event "Thüringenliga 2024/25"]
[Site "?"]
[Date "2025.01.19"]
[Round "5.2"]
[White "Koksch, Robert"]
[Black "Machelett, Heiko"]
[Result "0-1"]
[WhiteElo "1941"]
[BlackElo "2284"]
[PlyCount "36"]
[EventDate "2024.09.15"]
[EventType "team-tourn"]
[EventRounds "9"]
[WhiteTeam "ESV Lok Sömmerda"]
[BlackTeam "TSG Apolda"]

1. d4 Nf6 2. c4 c5 3. d5 b5 4. cxb5 a6 5. b6 d6 6. Nc3 g6 7. e4 Bg7 8. f4 O-O 9. Nf3 Qxb6 10. Bc4 Qb4 11. Qe2 Nxe4 12. Qxe4 Bxc3+ 13. Bd2 Bxd2+ 14. Nxd2 Qxb2 15. Nb3 Bf5 16. Qf3 a5 17. O-O a4 18. Rf2 Qf6 0-1